| 000 | 00609nam a22002057a 4500 | ||
|---|---|---|---|
| 005 | 20140304150201.0 | ||
| 010 | _aENG-108689 | ||
| 020 |
_c195.00 _a9788121613262 |
||
| 035 | _aEN-92222 | ||
| 037 | _bDBAD/PUB | ||
| 082 | _aS | ||
| 245 |
_aTeaching stories / _cselected and interpreted by Jamuna Rangachari; illustrated by Faraaz Tanveer |
||
| 250 | _a5th ed | ||
| 260 |
_aNew Delhi _bLife Positive _c2013 |
||
| 270 |
_aC-153, Okhla Industrial Area Phase-I _bNew Delhi _e110020 |
||
| 300 |
_avi,202p. _c22cm(pbk) |
||
| 700 | _aRangachari, Jamuna | ||
| 700 | _aFaraaz Tanveer | ||
| 942 |
_2ddc _cEN _mTEA _hS |
||
| 999 |
_c80881 _d80881 |
||